01274nam a2200253 a 450000100100000000500170001000800410002702000150006804000250008308200190010824501550012726001440028230000280042650002570045450400550071165000230076665000210078965000240081065000220083465000480085665100490090470000310095370000360098400001261920200929163040.0980623s1997 ck b 000 0 spa d a9589057799 aDO-SdBNPbspacBNPHU a342.044bC749d00aCongreso y Democracia en los Países de la Región Andina :bdeficiencias y estrategias /cCompiladores, Arlene B. Tickener, Oscar Mejía Quintana. aSantafé de Bogotá, (Colombia) :bEdiciones Uniandes,bCentro de Estudios Internacionales,bOrganización de Estados Americanos,c1997. a434 p. :bil. ;c21 cm. a"Una investigación del Centro de Estudios Internacionales (CEI) de la Universidad de los Andes, Bogotá, Colombia, financiada por la Unidad para la Promoción de la Democracia (UPD) de la Organización de Estados Americanos (OEA)"--Presentación. aIncluye referencias bibliográficas : p. 431-434. 4aColombiaxCongreso 4aPerúxCongreso 4aVenezuelaxCongreso 4aBoliviaxCongreso 4aOrganos legislativoszRegión De Los Andes 4aRegión De Los AndesxPolítica Y Gobierno1 aTickner, Arlene B.,d1964-1 aMejía Quintana, Oscar,d1956-